Phương pháp dạy học đại cương môn toán
Sách bao gồm những tri thức căn bản về lĩnh vực phương pháp dạy học môn toán: từ giới thiệu đại cương về bộ môn tới mục tiêu, nội dung và phương pháp dạy học môn toán cho đến cả việc lập kế hoạch dạy học và soạn bài....
保存先:
| 第一著者: | |
|---|---|
| フォーマット: | 図書 |
| 言語: | Undetermined |
| 出版事項: |
Hà Nội
Đại học Sư Phạm
2006
|
| 主題: | |
| タグ: |
タグ追加
タグなし, このレコードへの初めてのタグを付けませんか!
|
| Thư viện lưu trữ: | Trung tâm Học liệu Trường Đại học Cần Thơ |
|---|
| LEADER | 00955nam a2200217Ia 4500 | ||
|---|---|---|---|
| 001 | CTU_112745 | ||
| 008 | 210402s9999 xx 000 0 und d | ||
| 020 | |c 42000 | ||
| 082 | |a 510.7 | ||
| 082 | |b K310 | ||
| 100 | |a Nguyễn, Bá Kim | ||
| 245 | 0 | |a Phương pháp dạy học đại cương môn toán | |
| 245 | 0 | |c Nguyễn Bá Kim, Bùi Huy Ngọc | |
| 260 | |a Hà Nội | ||
| 260 | |b Đại học Sư Phạm | ||
| 260 | |c 2006 | ||
| 520 | |a Sách bao gồm những tri thức căn bản về lĩnh vực phương pháp dạy học môn toán: từ giới thiệu đại cương về bộ môn tới mục tiêu, nội dung và phương pháp dạy học môn toán cho đến cả việc lập kế hoạch dạy học và soạn bài. | ||
| 650 | |a Mathematics | ||
| 650 | |x Study and teaching | ||
| 904 | |i Minh | ||
| 980 | |a Trung tâm Học liệu Trường Đại học Cần Thơ | ||